Financial reporting standard for smaller entities (effective April 2008) (Record no. 109783)

MARC details
000 -LEADER
fixed length control field 01472cam a22002655a 4500
001 - CONTROL NUMBER
control field E147912
008 - FIXED-LENGTH DATA ELEMENTS--GENERAL INFORMATION
fixed length control field 090701s2008 xxk f 000 0 eng u
020 ## - INTERNATIONAL STANDARD BOOK NUMBER
International Standard Book Number 9781847980878
035 ## - SYSTEM CONTROL NUMBER
System control number (Sirsi) u147912
041 0# - LANGUAGE CODE
Language code of text/sound track or separate title eng
050 04 - LIBRARY OF CONGRESS CALL NUMBER
Classification number 657.95 $2 18
110 2# - MAIN ENTRY--CORPORATE NAME
Corporate name or jurisdiction name as entry element Accounting Standards Board
9 (RLIN) 3454
245 00 - TITLE STATEMENT
Title Financial reporting standard for smaller entities (effective April 2008)
260 ## - PUBLICATION, DISTRIBUTION, ETC.
Place of publication, distribution, etc. Kingston
Name of publisher, distributor, etc. ASB
Date of publication, distribution, etc. 2008
300 ## - PHYSICAL DESCRIPTION
Extent 180p.
Dimensions 21cm.
490 #0 - SERIES STATEMENT
Series statement Financial Reporting Standards
505 2# - FORMATTED CONTENTS NOTE
Formatted contents note Scope -- General -- Profit and loss account -- Revenue recognition -- Statement of total recognised gains and losses -- Fixed assets and goodwill -- Leases -- Current assets -- Taxation -- Pensions -- Provisions, contingent liabilities and contingent assets -- Financial instruments, share capital and share-based payments -- Foreign currency translation -- Post balance sheet events -- Related party disclosures -- Consolidated financial statements -- Directors' remuneration -- The directors' report -- Date from which effective and transitional arrangements -- Withdrawal of the FRSSE (effective January 2007).
520 ## - SUMMARY, ETC.
Summary, etc. Updates and supersedes the FRSSE (effective January 2007), to take account of the introduction of the Companies Act 2006.
521 20 - TARGET AUDIENCE NOTE
Target audience note Expert
590 ## - LOCAL NOTE (RLIN)
Local note KA
650 24 - SUBJECT ADDED ENTRY--TOPICAL TERM
Topical term or geographic name entry element FRSSE
651 #4 - SUBJECT ADDED ENTRY--GEOGRAPHIC NAME
Geographic name United Kingdom
Chronological subdivision
690 ## - LOCAL SUBJECT ADDED ENTRY--TOPICAL TERM (OCLC, RLIN)
Topical term or geographic name as entry element MANAGEMENT-BUSINESS MANAGEMENT-FINANCIAL MANAGEMENT-ACCOUNTING-FINANCIAL REPORTING
942 ## - ADDED ENTRY ELEMENTS (KOHA)
Suppress in OPAC 0
Holdings
Withdrawn status Lost status Source of classification or shelving scheme Damaged status Not for loan Home library Current library Shelving location Date acquired Total Checkouts Full call number Barcode Date last seen Copy number Price effective from Koha item type
    Dewey Decimal Classification     London London Boxed set 01/07/2009   BOXED SET 30074988 06/08/2019 1 06/08/2019 Reference material